1873 1673 1665 1560 1961 1297 1606 1617 1837 1778 1896 1877 1766 1101 1444 1583 1711 1890 1508 1803 1796 1078 1400 1631 1700 1808 1802 1481 1998 1324 1994 1758 1163 1079 1095 1140 1983 1293 1914 1619 1334 1209 1110 1702 1274 1549 1934 1973 1953 1769 1935 1941 1127 1300 1158 1654 1345 1628 1554 1564 1356 1095 1419 1387 1120 1420 1064 1972 1594 1231 1190 1245 1749 1993 1204 1130 1669 1851 1294 1458 1394 1469 1238 1649 1713 1586 1766 1439 1705 1817 1988 1470 1173 1743 1559 1882 1079 1410 1792 BCNSPRNW ULIB Ver.6.0+V

เปลี่ยนเป็นภาษาไทย

Change to English
 แสดงรายละเอียดบรรณานุกรม
  กลับหน้าหลัก

Brief Record : Get Marc (ISO 2709) : E-mail record : QR code < ปิดหน้าต่าง
LEADER : 00000nam 2200000uu 4500
001    13399113009
003     ULIB
008    110921s2548||||th 000 0 tha d
020    9749275616
090    PE1114^bช484ก มปป.
100 0  ชาญชัย บุญเฮ้า
245 10 เก่งภาษาอังกฤษจากข่าว /^cชาญชัย บุญเฮ้า
260    กรุงเทพฯ :^bB.E.C.,^c[2548?]
300    221 หน้า;^c21 ซม
650  7 ภาษาอังกฤษ^xการใช้ภาษา
650  7 ภาษาอังกฤษ^xการแปลเป็นภาษาไทย
650  7 ภาษาอังกฤษ^xคำศัพท์
945    ^p175^l0^i018791
945    ^p175^l0^i018792
945    ^p175^l0^i018947
945    ^p175^l0^i018948
995    ทศพร
999 ^a ทศพร
รายการนี้ยังไม่มีแท็ก
คุณยังไม่ได้ล็อกอิน คุณสามารถมีกิจกรรมร่วมกับเว็บไซต์ได้ แต่ต้องล็อกอินก่อน ::
  ล็อกอิน

รายการสื่อสารสนเทศ

ลำดับที่ ประเภท เลขเรียก/บาร์โค้ด สถานที่ สถานะ
- ไม่พบข้อมูล -

รายการใกล้เคียง
    ผู้แต่ง [ชาญชัย บุญเฮ้า]

    หัวเรื่อง [ภาษาอังกฤษ การใช้ภาษา]
    หัวเรื่อง [ภาษาอังกฤษ คำศัพท์]

BibComment


ยังไม่เคยถูกคอมเมนท์

คอมเมนท์ทรัพยากรรายการนี้
  คอมเมนท์: เก่งภาษาอังกฤษจาก..


 Copyright 2026. Bcnsprnw @Library